LOS 9 DE FERXXO Y SKY ROMPIENDO de Feid y Sky Rompiendo - Estadísticas

Estadísticas generales
  • Esta prueba ha sido intentada 42 veces
  • La puntuación promedio es 7 de 9
Estadísticas de respuestas
Hint Respuesta % Correcto
ft. Sky Rompiendo, Dei V ESTOY PUTIAO
87%
ft. Sky Rompiendo OLD NAVY
84%
ft. Sky Rompiendo 1XXX RAXONES
81%
ft. Sky Rompiendo, Majid Jordan AGAIN
77%
ft. Sky Rompiendo KLKHAY
77%
ft. Sky Rompiendo MONI
77%
ft. Sky Rompiendo 11PM EN ST. REGIS
74%
ft. Sky Rompiendo PPCP
74%
ft. Sky Rompiendo DE REPENTE
61%
No se encontraron pruebas coincidentes
Distribución de puntuación
Porcentaje de gente con cada puntuación
Porcentaje por número respondido
Historial de tus puntuaciones
No has intentado esta prueba.